LEADER 00919nam0-2200265 --450 001 9910303959503321 005 20190118103002.0 010 $a1786435276 010 $a9781786435279 100 $a20190118d2018----kmuy0itay5050----ba 101 0 $aeng 102 $aGB 200 1 $aImmigration policy and the shaping of U.S. culture$ebecoming America$fRoger White (Professor of Economics, Whittier College, USA) 210 1$aCheltenham, UK ; Northampton, MA$bEdward Elgar Publishing$c2018 215 $aix, 205 p.$cill.$d25 cm 610 0 $aEmigrazione e iimigrazione$aAspetti Sociali$aStati Uniti d'America 676 $a325.73$v23$zita 700 1$aWhite,$bRoger$f<1967->$0761537 801 0$aIT$bUNINA$gREICAT$2UNIMARC 901 $aBK 912 $a9910303959503321 952 $aMIGR. 129$b1788/18$fFSPBC 959 $aFSPBC 996 $aImmigration policy and the shaping of U.S. culture$91541910 997 $aUNINA LEADER 01259nam--2200385---450- 001 990005979000203316 005 20141110100159.0 010 $a978-88-6689-556-5 035 $a000597900 035 $aUSA01000597900 035 $a(ALEPH)000597900USA01 035 $a000597900 100 $a20131003h2014----km-y0itay0103----ba 101 $aita 102 $aIT 105 $a||||||||001yy 200 1 $aFormulario del processo penale$eannotato con la giurisprudenza$eaggiornato con le nuove norme sulle detenute madri (L. 21 aprile 2011, n.62)$fPiermaria Corso, Stefano Guadalupi 205 $a14. ed. 210 $aPiacenza$cLa Tribuna$d2014 215 $a619 p.$d25 cm$e1 CD-ROM 225 2 $aTribuna formulari 410 0$12001$aTribuna formulari 606 0 $aDiritto processuale penale$xFormulari$2BNCF 676 $a345.45050269 700 1$aCORSO,$bPiermaria$0224525 701 1$aGUADALUPI,$bStefano$0499757 801 0$aIT$bsalbc$gISBD 912 $a990005979000203316 951 $aXXVI.2.B. 163$b81087 G.$cXXVI.2.B.$d358934 959 $aBK 969 $aGIU 979 $aFIORELLA$b90$c20141110$lUSA01$h1000 979 $aFIORELLA$b90$c20141110$lUSA01$h1001 996 $aFormulario del processo penale$91004998 997 $aUNISA LEADER 04144nam 2200697Ia 450 001 9910777311903321 005 20230421044748.0 010 $a0-19-756087-3 010 $a1-280-52811-7 010 $a9786610528110 010 $a0-19-535694-2 010 $a1-4294-1461-8 035 $a(CKB)1000000000413649 035 $a(EBL)273427 035 $a(OCoLC)476016223 035 $a(SSID)ssj0000275600 035 $a(PQKBManifestationID)12063210 035 $a(PQKBTitleCode)TC0000275600 035 $a(PQKBWorkID)10223129 035 $a(PQKB)11434659 035 $a(MiAaPQ)EBC273427 035 $a(StDuBDS)EDZ0002337983 035 $a(Au-PeEL)EBL273427 035 $a(CaPaEBR)ebr10358252 035 $a(CaONFJC)MIL52811 035 $a(OCoLC)466432442 035 $a(EXLCZ)991000000000413649 100 $a19961030d1997 uy 0 101 0 $aeng 135 $aur|n|---||||| 181 $ctxt 182 $cc 183 $acr 200 10$aX-ray charge densities and chemical bonding$b[electronic resource] /$fPhilip Coppens 210 $a[Chester, England] $cInternational Union of Crystallography ; Oxford ;$aNew York $cOxford University Press$d1997 215 $a1 online resource (373 p.) 225 1 $aInternational Union of Crystallography texts on crystallography ;$v4 300 $aPreviously issued in print: 1997. 311 $a0-19-509823-4 320 $aIncludes bibliographical references (p. 328-346) and index. 327 $aContents; Chapter 1 Scattering of X-rays and Neutrons; Chapter 2 The Effect of Thermal Vibrations on the Intensities of the Diffracted Beams; Chapter 3 Chemical Bonding and the X-ray Scattering Formalism; Chapter 4 Least-Squares Methods and Their Use in Charge Density Analysis; Chapter 5 Fourier Methods and Maximum Entropy Enhancement; Chapter 6 Space Partitioning and Topological Analysis of the Total Charge Density; Chapter 7 The Electrostatic Moments of a Charge Distribution; Chapter 8 X-ray Diffraction and the Electrostatic Potential 327 $aChapter 9 The Electron Density and the Lattice Energy of CrystalsChapter 10 Charge Density Studies of Transition Metal Compounds; Chapter 11 The Charge Density in Extended Solids; Chapter 12 Electron Density Studies of Molecular Crystals; Appendix A: Tensor Notation; Appendix B: Symmetry and Symmetry Restrictions; Appendix C: The 50% Probability Ellipsoid; Appendix D: Spherical Harmonic Functions; Appendix E: Products of Spherical Harmonic Functions; Appendix F: Energy-Optimized Single-? Slater Values for Subshells of Isolated Atoms; Appendix G: Fourier-Bessel Transforms 327 $aAppendix H: Evaluation of the Integrals A[sub(N)],[sub(l)[sub(1)]][sub(l)[sub(2)]][sub(k)](Z, R) Occurring in the Expression for the Peripheral Contribution to the Electrostatic PropertiesAppendix I: The Matrix M[sup(-1)] Relating d-Orbital Occupancies P[sub(ij)] to Multipole Populations P[sub(lmp)]; Appendix J: The Interaction Between Two Nonoverlapping Charge Distributions; Appendix K: Conversion Factors; Appendix L: Selected Exercises; References; Index 330 8 $aThis book deals with the electron density distribution in molecules and solids as obtained experimentally by X-ray diffraction. It is a comprehensive treatment of the methods involved, and the interpretation of the experimental results in terms of chemical bonding and intermolecular interactions. Inorganic and organic solids as well as metals are covered in the chapters dealing with specific systems. 410 0$aInternational Union of Crystallography texts on crystallography ;$v4. 606 $aX-ray crystallography 606 $aChemical bonds 606 $aElectron distribution 615 0$aX-ray crystallography. 615 0$aChemical bonds. 615 0$aElectron distribution. 676 $a548/.3 700 $aCoppens$b Philip$01501680 712 02$aInternational Union of Crystallography, 801 0$bMiAaPQ 801 1$bMiAaPQ 801 2$bMiAaPQ 906 $aBOOK 912 $a9910777311903321 996 $aX-ray charge densities and chemical bonding$93728967 997 $aUNINA